Click the Correct Latitude - Cities #3 - Statistics

General Stats
  • This quiz has been taken 5 times
  • The average score is 13 of 20
Answer Stats
Hint Answer % Correct
Singapore 0°±5°
100%
Ahmedabad 20°N±5°
100%
Riyadh 20°N±5°
100%
Changsha 30°N±5°
100%
Boston 40°N±5°
100%
Bogota 0°±5°
75%
Kuala Lumpur 0°±5°
75%
Taipei 30°N±5°
75%
Nanjing 30°N±5°
75%
Nagoya 40°N±5°
75%
Washington, D.C. 40°N±5°
75%
Shenyang 40°N±5°
75%
Shantou 20°N±5°
50%
Chongqing 30°N±5°
50%
Santiago 30°S±5°
50%
Chicago 40°N±5°
50%
Luanda 10°S±5°
25%
Hyderabad 20°N±5°
25%
Zhengzhou 30°N±5°
25%
San Francisco 40°N±5°
25%
No matching quizzes found
Score Distribution
Percent of People with Each Score
Percentile by Number Answered
Your Score History
You have not taken this quiz